| 000 | 00612nam a2200217Ia 4500 | ||
|---|---|---|---|
| 001 | 2892 | ||
| 003 | GE_BSU | ||
| 008 | 181216s||||||||xx |||||||||||||| ||und|| | ||
| 020 | _a5797500558 | ||
| 040 | _cGE_BSU | ||
| 080 | _a330:1 | ||
| 245 | _aЭкономическая теория на пороге XXI века-2 | ||
| 245 | _cПод. ред. Ю.М. Осипова, В.Т. Пуляева. Е.С. Зотовой. | ||
| 260 | _aМосква | ||
| 260 | _bЮрист | ||
| 260 | _c1998 | ||
| 300 | _a768 с. | ||
| 541 | _h23 л. 55т. | ||
| 653 | _aЭкономическая теория | ||
| 942 | _cBK | ||
| 999 |
_c36941 _d36941 |
||